000 00672nam a2200181Ia 4500
003 GCL
008 140319s9999 xx 000 0 ara d
020 _a9025977977
040 _aGCL /
_cGCL
082 0 4 _a362.293016
_bص ظ
100 1 _aصندوق مكافحة وعلاج الادمان والتعاطي
245 1 0 _aظاهرة المخدرات /
_cصندوق مكافحة وعلاج الادمان والتعاطي
250 _aالثانية
260 _aالقاهرة :
_bصندوق مكافحة وعلاج الادمان والتعاطي ،
_c2000
300 _a147 ص ؛
_c25 سم
650 0 4 _aالمخدرات - ببليوجرافيات
942 _2ddc
_cBK
999 _c2683
_d2683